<?xml version="1.0" encoding="UTF-8"?>
<collection xmlns="http://www.loc.gov/MARC21/slim">
 <record>
  <leader>01281cam a2200289  a4500</leader>
  <controlfield tag="001">1078399565</controlfield>
  <controlfield tag="003">DE-627</controlfield>
  <controlfield tag="005">20230711163753.0</controlfield>
  <controlfield tag="007">tu</controlfield>
  <controlfield tag="008">850101m19811981xx |||||      00| ||ger c</controlfield>
  <datafield tag="035" ind1=" " ind2=" ">
   <subfield code="a">(DE-627)1078399565</subfield>
  </datafield>
  <datafield tag="035" ind1=" " ind2=" ">
   <subfield code="a">(DE-576)008399565</subfield>
  </datafield>
  <datafield tag="035" ind1=" " ind2=" ">
   <subfield code="a">(DE-599)BSZ008399565</subfield>
  </datafield>
  <datafield tag="040" ind1=" " ind2=" ">
   <subfield code="a">DE-627</subfield>
   <subfield code="b">ger</subfield>
   <subfield code="c">DE-627</subfield>
   <subfield code="e">rakwb</subfield>
  </datafield>
  <datafield tag="041" ind1=" " ind2=" ">
   <subfield code="a">ger</subfield>
  </datafield>
  <datafield tag="245" ind1="1" ind2="4">
   <subfield code="a">Die Kunstdenkmäler der Stadt und des ehemaligen Landkreises Zweibrücken</subfield>
   <subfield code="c">bearb. von Herbert Dellwing und Hans Erich Kubach</subfield>
  </datafield>
  <datafield tag="264" ind1=" " ind2="1">
   <subfield code="a">München</subfield>
   <subfield code="b">Dt. Kunstverl.</subfield>
   <subfield code="c">1981-1981</subfield>
  </datafield>
  <datafield tag="336" ind1=" " ind2=" ">
   <subfield code="a">Text</subfield>
   <subfield code="b">txt</subfield>
   <subfield code="2">rdacontent</subfield>
  </datafield>
  <datafield tag="337" ind1=" " ind2=" ">
   <subfield code="a">ohne Hilfsmittel zu benutzen</subfield>
   <subfield code="b">n</subfield>
   <subfield code="2">rdamedia</subfield>
  </datafield>
  <datafield tag="338" ind1=" " ind2=" ">
   <subfield code="a">Band</subfield>
   <subfield code="b">nc</subfield>
   <subfield code="2">rdacarrier</subfield>
  </datafield>
  <datafield tag="490" ind1="0" ind2=" ">
   <subfield code="a">Die Kunstdenkmäler von Rheinland-Pfalz</subfield>
   <subfield code="v">Bd. 7</subfield>
  </datafield>
  <datafield tag="700" ind1="1" ind2=" ">
   <subfield code="a">Dellwing, Herbert</subfield>
   <subfield code="d">1940-2010</subfield>
   <subfield code="0">(DE-588)133277291</subfield>
   <subfield code="0">(DE-627)539655279</subfield>
   <subfield code="0">(DE-576)267567723</subfield>
   <subfield code="4">oth</subfield>
  </datafield>
  <datafield tag="700" ind1="1" ind2=" ">
   <subfield code="a">Kubach, Hans Erich</subfield>
   <subfield code="d">1909-1999</subfield>
   <subfield code="0">(DE-588)118869493</subfield>
   <subfield code="0">(DE-627)145314952</subfield>
   <subfield code="0">(DE-576)161848079</subfield>
   <subfield code="4">oth</subfield>
  </datafield>
  <datafield tag="787" ind1="0" ind2="8">
   <subfield code="i">Rezensiert in</subfield>
   <subfield code="a">Liessem, Udo, 1944 - </subfield>
   <subfield code="t">[Rezension von: H. Dellwing / H. E. Kubach, Die Kunstdenkmäler der Stadt und des ehemaligen Landkreises Zweibrücken]</subfield>
   <subfield code="d">Braubach : Deutsche Burgenvereinigung, 1984</subfield>
   <subfield code="w">(DE-627)1789642825</subfield>
  </datafield>
  <datafield tag="951" ind1=" " ind2=" ">
   <subfield code="a">MC</subfield>
  </datafield>
  <datafield tag="991" ind1=" " ind2=" ">
   <subfield code="a">Rezensiertes Werk</subfield>
  </datafield>
  <datafield tag="999" ind1=" " ind2=" ">
   <subfield code="a">KXP-PPN1078399565</subfield>
   <subfield code="e">4184336213</subfield>
  </datafield>
 </record>
</collection>
